Normal view
MARC view
Entry Topical Term
001 - CONTROL NUMBER
- control field: 23507
003 - CONTROL NUMBER IDENTIFIER
- control field: ARRUPE
005 - DATE AND TIME OF LATEST TRANSACTION
- control field: 20160404114547.0
008 - FIXED-LENGTH DATA ELEMENTS
- fixed length control field: 160404|| aca||aabn | a|a d
040 ## - CATALOGING SOURCE
- Original cataloging agency: ARRUPE
- Transcribing agency: ARRUPE
150 ## - HEADING--TOPICAL TERM
- Topical term or geographic name as entry element: Composers
- Geographic subdivision: Russian
670 ## - SOURCE DATA FOUND
- Source citation: Work cat.: (ARRUPE): Afanasyeva, L. 23506, Russian composers , no date